Statistics for A-Z Which Country has the most population

Click here to take the quiz!

General Stats

  • This quiz has been taken 60 times
  • The average score is 14 of 24

Answer Stats

HintPopulationAnswer% Correct
C1.4BChina
90%
I1.3BIndia
83%
R145MRussia
83%
F66MFrance
76%
B212MBrazil
72%
U334MUS
72%
G84MGermany
69%
J125MJapan
66%
P229MPakistan
66%
Q3MQatar
62%
Y31MYemen
62%
N216MNigeria
59%
Z19MZambia
59%
V99MVietnam
55%
M132MMexico
52%
O5MOman
52%
A46MArgentina
48%
E118MEthiopia
48%
H11MHaiti
41%
L7MLaos
41%
D90MDRC
38%
K56MKenya
38%
T63MTanzania
38%
S61MSouth Africa
34%

Score Distribution

Percentile by Number Answered

Percent of People with Each Score

Your Score History

You have not taken this quiz